• 首页
  • 本馆介绍
  • 公告通知
  • 最新文献
  • 馆藏检索
  • 电子资源
  • 读者导购
  • 参考咨询
  • 我的图书馆
  • 登录
  • 详细信息显示
  • 放入我的书架
  • 预约/预借图书
  • 作者相关作品
  • 分类相关作品
  • 丛书相关作品
  • 出版社相关作品

书目信息

  • 表格格式
  • 工作单格式
  • 卡片格式
题名:
教育测量与评价
    
 
作者: 赵世诚
分册:  
出版信息: 北京   教育科学出版社  33725
页数: 454页
开本: 20cm
丛书名:
单 册:
中图分类: G449.1
科图分类:
主题词: 教育心理学
电子资源:
ISBN: 7-5041-0731-X
000 00513nam0 2200181 450
001 0728815141
005 20070819080015.14
010    @a7-5041-0731-X@d¥18.00
100    @a20070819d km y0chiy0120 ea
101 0  @achi
200 1  @a教育测量与评价@Ajiao yu ce liang yu ping jia@f赵世诚@Fzhao shi cheng
210    @a北京@c教育科学出版社@d33725
215    @a454页@d20cm
606 0  @a教育心理学
690    @aG449.1@v3
701  0 @a赵世诚@Azhao shi cheng
801  0 @aCN@bPFT@c20070819
905    @a213230@dG449.1@eZW4@f1
    
    教育测量与评价/赵世诚.-北京:教育科学出版社,33725
    454页;20cm
    
    
    ISBN 7-5041-0731-X:¥18.00
    
●
相关链接 在E读中查询图书 在五车中查询图书 在当当中查询图书 在豆瓣中查询图书


正题名:教育测量与评价     索取号:G449.1/ZW4         预约/预借

序号 登录号 条形码 馆藏地/架位号 状态 备注
1 7613917   276139171   密集书库-文学院/ [索取号:G449.1/ZW4] 在馆    
唐山师范学院图书馆 欢迎您!
大连网信软件有限公司© 版权所有